000 00767cam a2200217 i 4500
999 _c58417
_d58417
001 17962693
005 20220125113131.0
008 131204s2014 enkaf b 001 0 eng
020 _a9780415517270
041 _aeng
080 _a372.87 T-97
100 1 _aTutchell, Suzy
_913444
245 1 0 _aYoung children as artists :
_bart and design in the early years and key stage 1 /
_cSuzy Tutchell.
264 1 _aLondon ;
_bRoutledge,
_c2014.
300 _a207 pages :
_billustrations;
_c25 cm.
653 _aშემოქმედებითი უნარი ბავშვებში
653 _aპედაგოგიკა
653 _aТворческие способности у детей
653 _aПедагогика
942 _2udc
_cBK